| Registos Bibliográficos associados ao registo de autoridade |
|
Etiqueta de registo: 00254nam 2200025 450 001 2287066 003 http://id.bnportugal.gov.pt/bib/catbnp/2287066 010 ## $a978-989-40-3036-2 021 ## $aPT$b562145/26 100 ## $a20260528d2026 m y0pory01030103ba 101 0# $apor 102 ## $aPT 105 ## $ay z 000yy 106 ## $ar 200 1# $aÉtica e deontologia na prática notarial$fJoão Ricardo Menezes, Juan Carlos Martínez Ortega, Fernanda Leitão$gpref. Ubiratan Guimarães 210 #9 $aCoimbra$cAlmedina,$d2026 215 ## $a291 p.$d23 cm 225 2# $aManuais profissionais 700 #1 $aMenezes,$bJoão Ricardo$31882920 701 #1 $aMartínez Ortega,$bJuan Carlos$4070$31999512 701 #1 $92$aLeitão,$bFernanda$4070$31999513 702 #1 $aGuimarães,$bUbiratan$4080$31999514 801 #0 $aPT$bBN$gRPC 966 ## $lBN$mFGMON$x1 966 ## $lBN$mFGMON$x1 971 ## $casantos$d20260528
|
|
|